000 01017nam a22003137a 4500
003 CHAP
005 20220329140031.0
008 971013s1938 r 10010 d
010 _a45963
011 _a46935
035 _a51076
040 _cCHAP
082 _a580.63
_bR4 1938
111 0 0 _aReuniao Sul-Americana de Botanica (
_n1
_d: 1938
_c: Rio de Janeiro)
_996217
245 _aAnais
260 _aRio de Janeiro :
_bBotánico do Rio de Janeiro,
_c1938
300 _av.
_b: ilus.
590 _aBATCH-UPD
_b10
_c20130110
_lUCH01
_h0052
590 _aBATCH-UPD
_b10
_c20130110
_lUCH01
_h2020
590 _aBATCH-UPD
_b10
_c20130409
_lUCH01
_h2039
590 _aBATCH-UPD
_b10
_c20130410
_lUCH01
_h1338
590 _aBATCH-UPD
_b10
_c20130914
_lUCH01
_h0732
590 _aCONVERSION
_b10
_c20130109
_lUCH01
_h1325
650 1 4 _aBotánica
_xAmérica del Sur.
_914486
650 1 4 _aBotánica
_xCongresos.
_914522
901 _aBK
942 _cLIBRO
949 _a580.63 R4 1938
_bBC
_cLIBRO
_d-114492
_eLIBRO
_fv.3
_h9036
_i51076
_si
999 _c45963
_d45963